| 000 | 00578nam a2200181Ia 4500 | ||
|---|---|---|---|
| 003 | OSt | ||
| 005 | 20200606101334.0 | ||
| 008 | 190216s9999||||xx |||||||||||||| ||und|| | ||
| 020 | _a08769246410 | ||
| 040 | _coclc | ||
| 082 |
_a327 _bCOU/I |
||
| 100 |
_aCouloumbis, Theodore A _92564 |
||
| 245 | 0 |
_aIntroduction To International Relations: Power And Justice / _cTheodore A Couloumbis ; James H Wolfe |
|
| 250 | _a3rd Ed. | ||
| 260 |
_bPrentice Hall Of India Pvt Ltd, _c1986. _aNew Delhi: |
||
| 300 | _a426p | ||
| 942 |
_cBK _2ddc _h327 _iCOU/I _k327 _mCOU/I |
||
| 999 |
_c20058 _d20058 |
||